000 00491nam a2200169Ia 4500
008 090711s9999 xx 000 0 und d
082 _b44320
100 _aतोरसेकर भाऊ
245 _aदुर्मिळ रक्त
260 _c1982
300 _a207
600 _aतोरसेकर भाऊ
630 _aदुर्मिळ रक्त
700 _aतोरसेकर भाऊ
730 _aदुर्मिळ रक्त
942 _cBOOK
999 _c314864
_d314864